000 00583nam a2200181Ia 4500
003 OSt
005 20240417125049.0
008 210210b1930 xxu||||| |||| 00| 0 eng d
040 _cAL
041 _aKannada
082 _a852/407
100 _aMASTI VENKATESHA AIYANGAR ಮಾಸ್ತಿ ವೆಂಕಟೇಶ ಐಯಂಗಾರ್
_987807
245 _aKannadada seve: ondu bhashana
_bಕನ್ನಡದ ಸೇವೆ : ಒಂದು ಭಾಷಣ
260 _aMangaluru
_bBal sahitya Bhandar.,
_c1930
690 _aKannada Prose
_987808
906 _a018975
942 _2ddc
_cBK
999 _c143001
_d143001